000
00220 a2200097 4500
001
48394
100
_a
Toynbee, A.J
245
_a
Between oxus and jumna
260
_a
London
_b
Oxford univ press
_c
090
_c
31334
_d
31334
942
_a
NUST-CAE
_c
M
_c
23708
999
_c
283467
_d
283467